Popular Movies by Poster XIV - Statistics

General Stats
  • This quiz has been taken 999 times
  • The average score is 10 of 16
Answer Stats
Picture Answer % Correct
Toy Story
99%
Mulan
91%
Lincoln
78%
Saw
76%
The Sound of Music
74%
Dr. Strange
72%
Happy Gilmore
66%
Hellboy
65%
Juno
63%
The 40 Year-Old Virgin
59%
Dunkirk
58%
Donnie Darko
53%
Hancock
47%
The Imitation Game
44%
Blades of Glory
32%
Disturbia
16%
No matching quizzes found
Score Distribution
Percent of People with Each Score
Percentile by Number Answered
Your Score History
You have not taken this quiz